|
|
|
|
| LEADER |
00000nam0a2200000 4500 |
| 001 |
154554 |
| 005 |
20231101221756.0 |
| 010 |
|
|
|a 9780849372094
|
| 035 |
|
|
|a (RuTPU)RU\TPU\book\167647
|
| 090 |
|
|
|a 154554
|
| 100 |
|
|
|a 20090302d2008 k y0engy50 ba
|
| 101 |
0 |
|
|a eng
|
| 102 |
|
|
|a US
|
| 105 |
|
|
|a a z 001zy
|
| 200 |
1 |
|
|a Optical Wireless Communications. IR for Wireless Connectivity
|f R. Ramirez-Iniguez, S. M. Idrus, Z. Sun
|
| 210 |
|
|
|a New York
|c CRC Press
|d 2008
|
| 215 |
|
|
|a 344 p.
|c il.
|
| 320 |
|
|
|a References: p. 303-317.
|
| 320 |
|
|
|a Index: p. 319-344.
|
| 606 |
1 |
|
|a Волоконно-оптическая связь
|2 stltpush
|3 (RuTPU)RU\TPU\subj\3634
|9 32022
|
| 610 |
1 |
|
|a связь
|
| 610 |
1 |
|
|a беспроводная связь
|
| 610 |
1 |
|
|a оптическая связь
|
| 610 |
1 |
|
|a технология
|
| 610 |
1 |
|
|a английский язык
|
| 675 |
|
|
|a 621.391.6
|v 3
|
| 700 |
|
1 |
|a Ramirez-Iniguez
|b R.
|g Roberto
|
| 701 |
|
1 |
|a Idrus
|b S. M.
|g Sevia M>
|
| 701 |
|
1 |
|a Sun
|b Z.
|g Ziran
|
| 801 |
|
1 |
|a RU
|b 63413507
|c 20090302
|g PSBO
|
| 801 |
|
2 |
|a RU
|b 63413507
|c 20090310
|g PSBO
|
| 942 |
|
|
|c BK
|